[Event "EU-Cup 28th"]
[Site "Eilat"]
[Date "2012.10.14"]
[Round "4.1"]
[White "Wojtaszek, Radoslaw"]
[Black "Roiz, Michael"]
[Result "1/2-1/2"]
[WhiteElo "2733"]
[BlackElo "2618"]
[Annotator "Roiz,Michael"]
[PlyCount "169"]
[EventDate "2012.10.11"]
[EventType "team-swiss"]
[EventRounds "7"]
[EventCountry "ISR"]
[SourceTitle "CBM 151"]
[Source "ChessBase"]
[SourceDate "2012.11.13"]
[SourceVersion "1"]
[SourceVersionDate "2012.11.13"]
[SourceQuality "1"]
[WhiteTeam "Novy Bor"]
[BlackTeam "Beer Sheva"]
[WhiteTeamCountry "CZE"]
[BlackTeamCountry "ISR"]

1. d4 e6 2. c4 d5 3. Nc3 Nf6 4. cxd5 Nxd5 5. e4 Nxc3 6. bxc3 c5 7. a3 {Quite a rare continuation. White is just trying to keep as many pieces on the board as possible!} ({A well known theoretical line starts with} 7. Nf3 cxd4 8. cxd4 Bb4+ 9. Bd2 Bxd2+ 10. Qxd2 O-O 11. Bc4 Nc6 ({or} 11... Nd7 12. O-O b6) 12. O-O b6) 7... cxd4 (7... Be7 8. Nf3 O-O 9. Bd3 Nc6 10. Bb2 b6 11. O-O cxd4 12. cxd4 Bb7 13. Qe2 Rc8 14. Rad1 Na5 15. d5 exd5 16. exd5 $36 {1-0 Bocharov,D (2582)-Mozharov,M (2459)/St Petersburg RUS 2011 (26)}) 8. cxd4 e5 $5 {Probably that move came as a real surprise for Radoslaw.} 9. Nf3 {The best attempt to fight for the opening advantage.} (9. dxe5 Qa5+ 10. Bd2 Qxe5 11. Bd3 Bc5 (11... Bg4 $5) 12. Nf3 Qe7 13. O-O Nc6 $11) (9. d5 Bd6 10. Nf3 Nd7 11. Be2 O-O 12. O-O Nc5 $11 {1/2 Martinovic,S (2496)-Saric,A (2523)/Zagreb CRO 2012 (38)}) 9... exd4 10. Qxd4 $146 {My strong opponent chooses the safest continuation. To be honest, I had mainly expected that move during my preparation.} (10. Bb5+ Bd7 11. Bxd7+ Qxd7 12. Qxd4 Qxd4 13. Nxd4 Bc5 14. Nb5 Na6 $11) ({However, I believe the most challenging way was connected with a pawn sacrifice:} 10. Bc4 $5 Nc6 11. O-O Be7 12. Bd5 O-O 13. Rb1 $44 Bf6 14. Bf4 Re8 {1/2 Lerner,K (2494)-Golod,V (2538)/Ramat Aviv 2004/CBM 102 ext}) 10... Qxd4 11. Nxd4 Bc5 {The most natural developing move.} (11... Be7 12. Be3 O-O 13. Be2 Bd7 14. O-O Nc6 15. Nb5 a6 16. Nc7 Rac8 17. Nd5 $14) 12. Nb5 (12. Bb2 O-O 13. Rc1 Bb6 14. Bc4 Rd8 15. Bd5 Na6 16. Ke2 Nc7 17. Bb3 Ne6 18. Nxe6 Bxe6 19. Bxe6 fxe6 $11) 12... Na6 13. Bf4 (13. Bc4 O-O 14. Ke2 Re8 15. f3 Be6 16. Bxe6 Rxe6 17. Be3 Re7 $1 (17... Bxe3 18. Kxe3 b6 19. a4 $14) 18. g4 Bxe3 19. Kxe3 Nc7 $11) 13... O-O 14. Bd3 {Only this somewhat provocative move was ''new'' for me over the board. The bishop looks a bit vulnerable there.} ({My home preparation was mainly based on:} 14. Bc4 Be6 (14... Re8 $5 15. Bd5 Bd7 16. Nd6 Bxd6 17. Bxd6 Rad8 18. O-O (18. Bxb7 Bc8 19. Bxc8 Rxe4+ 20. Kf1 Rxd6 $11) 18... Be6 19. Bxe6 Rxd6 20. Bd5 Nc5 21. Rac1 b6 $11) 15. Bxe6 fxe6 16. Bg3 Rac8 17. O-O Bb6 18. Nd6 Rc2 19. Nxb7 Nc5 20. Nxc5 Bxc5 21. a4 Bd4 22. Rab1 Re2 $11) 14... Be6 $146 ({There was nothing wrong with attacking it immediately:} 14... Rd8 15. Bc4 Bd7 16. Ke2 Be7 17. Rab1 Nc5 18. f3 b6 $11) ({RR} 14... Re8 15. O-O Bd7 16. Nd6 Bxd6 17. Bxd6 Re6 18. e5 Bc6 19. Rac1 Rc8 20. Bf5 Ree8 21. Bxc8 Rxc8 22. Rfd1 Re8 23. f4 g6 24. Kf2 h5 25. g3 Kg7 26. Rd2 Be4 27. Rd4 Bf5 28. Rdc4 h4 29. Kf3 {Kornyukov,A (2452)-Papp,P (2335) chess.com INT 2023 0-1 (80)}) ({RR} 14... Re8 15. O-O Bd7 16. Nd6 Bxd6 17. Bxd6 Re6 18. e5 Bc6 19. Rac1 Rc8 20. Bf5 Ree8 21. Bxc8 Rxc8 22. Rfd1 Re8 23. f4 g6 24. Kf2 h5 25. g3 Kg7 26. Rd2 Be4 27. Rd4 Bf5 28. Rdc4 h4 29. Kf3 {Kornyukov,A (2452)-Papp,P (2335) chess.com INT 2023 0-1 (80)}) 15. Ke2 {Black is by no means not worse and has a lot of good options. As usually happens with me, such a situation may make me feel too relaxed :)} Rfd8 (15... Bb6 16. Nd6 Nc5 17. Bc2 Bc7 18. Rhd1 f6 19. Rab1 b6 $11) (15... Rad8 16. Rhd1 Be7 17. Rac1 Nc5 18. Nxa7 Nxd3 19. Rxd3 Rxd3 20. Kxd3 Bxa3 $11) 16. Rhd1 Bb6 $6 {That is not a real mistake, but I could play much more actively.} ({I can hardly understand why I rejected the most natural} 16... Rd7 17. Be3 Rad8 18. Rac1 Bxe3 19. Kxe3 Bb3 20. Rd2 b6 21. e5 Nc5 22. Rc3 $11 {and only White has to be slightly careful.}) 17. Rac1 Nc5 {Somehow I have overestimated the power of his light-squared bishop.} 18. Nd6 (18. Be3 Nxd3 19. Rxd3 Rxd3 20. Kxd3 Bd7 21. Nd6 (21. a4 Bxb5+ 22. axb5 Bxe3 23. Kxe3 a5 $11) 21... Bc6 $11) 18... Nxd3 19. Rxd3 Rd7 20. Be3 {Only here did I realise that White is running no risks with such a strong knight on d6.} Bd8 $1 {It's important to keep the bishops on the board.} (20... Bxe3 $6 21. Kxe3 Kf8 22. f4 f6 23. f5 Bg8 24. g4 Rad8 25. Rcd1 $14) 21. Nb5 $1 {That strong retreat poses some concrete problems. White's pieces are very active at the moment, while the a7 is under pressure.} (21. f4 Be7 22. e5 g6 23. h3 f6 24. Rcd1 fxe5 25. fxe5 b6 $11) 21... Rxd3 (21... a6 $6 22. Nd4 b5 23. Nxe6 Rxd3 24. Kxd3 fxe6 25. Rc6 Kf7 26. Bc5 $14) (21... b6 $6 22. Nd4 Be7 23. Rc6 $14) 22. Kxd3 Bd7 {After long meditation, I decided to enter a rook ending with a pawn down.} ({My main choice was between the text and:} 22... a6 23. Nc7 Bxc7 (23... Rc8 24. Nxe6 Rxc1 25. Nxd8 $14) 24. Rxc7 b5 25. Bd4 Rc8 26. Ra7 Rc6 27. Ra8+ Bc8 28. f4 $14) ({But the simplest was} 22... b6 $1 23. Nc7 Rc8 24. Nxe6 Rxc1 25. Bxc1 (25. Nxd8 Rd1+ 26. Bd2 Ra1 $11) 25... fxe6 26. Kc4 a6 $11) 23. Nxa7 Kf8 (23... f5 $5 24. exf5 Bxf5+ 25. Ke2 Bd7 $11) 24. Ke2 b6 25. Nc6 Bxc6 26. Rxc6 Rxa3 27. Bxb6 {White had nothing better.} Bxb6 28. Rxb6 Ra2+ 29. Kf3 Ra3+ 30. Kf4 Ra2 31. Kg3 h5 $1 $11 {Black is just in time to set up an ideal pawn chain for this ending. Our match situation wasn't clear at that moment, so my opponent was forced to play till the end.} 32. h4 g6 33. Rb3 Kg7 34. Kf3 Rc2 35. g3 Ra2 36. Ke3 Rc2 37. Rd3 Ra2 {White cannot make any progress without exchanging the pawns.} 38. Rd2 Ra3+ 39. Kf4 Rb3 40. f3 Ra3 41. Rd5 Ra1 42. g4 hxg4 43. Kxg4 {All the following moves have no value, as they don't change the character of the position.} (43. fxg4 Rf1+ 44. Kg3 Rg1+ 45. Kf3 Rf1+ 46. Ke3 Rg1 $11) 43... Rg1+ 44. Kf4 Rh1 45. Kg3 Kf6 46. Rd6+ Kg7 47. Rd2 Rg1+ 48. Rg2 Re1 49. Rh2 Ra1 50. h5 gxh5 51. Rxh5 Kg6 52. Rb5 Ra3 53. Rb6+ f6 54. Kf4 Ra5 55. Rd6 Rb5 56. Ke3 Rb3+ 57. Rd3 Rb4 58. Rc3 Ra4 59. Rd3 Rb4 60. f4 Ra4 61. Kf3 Rb4 62. Ra3 Rc4 63. Ra6 Kf7 64. Ra7+ Kf8 65. Rh7 Ra4 66. Rb7 Rc4 67. Rb6 Kf7 68. Rb7+ Kf8 69. f5 Rc1 70. Ke3 Rc4 71. Kd3 Ra4 72. Rc7 Ke8 73. Rc4 Ra6 74. Kd4 Kd7 75. Rb4 ({After} 75. e5 fxe5+ 76. Kxe5 Ke7 {We have a classical ''Philidor position''}) 75... Rd6+ 76. Kc5 Rc6+ ({Another possibility was} 76... Ra6 77. Rb7+ Ke8 78. Rb6 Ra5+ 79. Kd6 Re5 80. Rb4 Kf7 $11) 77. Kd4 ({Or} 77. Kb5 Rc1 78. Rc4 Ra1 79. Kc5 Ra5+ 80. Kd4 Ra1 81. Rb4 Rd1+ 82. Kc5 Rc1+ 83. Rc4 Re1 84. Rd4+ Ke7 $11) 77... Rd6+ 78. Ke3 Ke7 79. Rb7+ Ke8 80. Kf4 Rd1 81. Kg4 Rg1+ 82. Kf4 Re1 83. Rb6 Ke7 84. Rb7+ Ke8 85. Rc7 1/2-1/2

[Event "Norway Chess 4th"]
[Site "Stavanger"]
[Date "2016.04.27"]
[Round "7"]
[White "Carlsen, Magnus"]
[Black "Kramnik, Vladimir"]
[Result "1-0"]
[WhiteElo "2851"]
[BlackElo "2801"]
[Annotator "Marin,Mihail"]
[PlyCount "99"]
[EventDate "2016.04.19"]
[EventType "tourn"]
[EventRounds "9"]
[EventCountry "NOR"]
[EventCategory "21"]
[SourceTitle "CBM 172"]
[Source "ChessBase"]
[SourceDate "2016.05.12"]
[SourceVersion "1"]
[SourceVersionDate "2016.05.12"]
[SourceQuality "1"]

1. d4 d5 2. c4 e6 3. Nc3 Nf6 4. cxd5 exd5 5. Bg5 c6 6. e3 Bf5 7. Qf3 Bg6 8. Bxf6 Qxf6 9. Qxf6 gxf6 {Kramnik had played this strategically slightly risky variation before. Since the Berlin Ruy Lopez is his main weapon against 1.e4, it is no great wonder that against 1.d4 he does not have doubled pawns either. But on the other hand the pawns are less compact here and secondly accepting weaknesses against a subtle positional player like Carlsen looks a bit like waving a red flag in the front of a bull.} 10. Nf3 Nd7 11. Nh4 Be7 {This is the main line, preparing to meet f2-f4 with ...f7-f5.} (11... Nb6 12. f4 f5 13. Bd3 Nc4 14. Bxc4 dxc4 15. a4 $14 {½-½ (31) Williams,S (2439)-Hawkins,J (2563) London 2015}) (11... O-O-O $6 12. f4 h5 13. Kf2 Re8 14. f5 Bh6 15. fxg6 Bxe3+ 16. Kf3 Bxd4 17. g7 Rhg8 18. Nf5 $18 {Bareev,E (2636)-Gorman,D (2289) Philadelphia 2009 (1-0, 40)}) 12. Ne2 $5 $146 {An early novelty connected with a deep regrouping plan. Actually the last move is logical since it prepares to invade f5 before Black carries out the standard knight manoeuvre to d6.} ({Kramnik's previous games went} 12. g3 Nb6 13. O-O-O (13. Kd2 Nc8 14. Bd3 Nd6 15. b3 O-O-O 16. f3 Rhe8 17. Rac1 Kb8 18. Ne2 Nc8 19. Nf4 Bb4+ 20. Ke2 Nd6 21. g4 Re7 $11 {Ivanisevic,I (2653)-Kramnik,V (2777) Berlin 2015 (0-1, 53)}) 13... Nc8 14. Bd3 Nd6 15. Kc2 Kd7 16. f3 Bxd3+ 17. Kxd3 f5 18. Ng2 h5 19. h4 Rag8 20. Rh3 Ne8 21. Ke2 Bd6 22. Kf2 Nf6 23. Ne2 a5 $11 {Ding,L (2730)-Kramnik,V (2760) Moscow 2014 (½-½, 41)}) 12... Nb6 {Since the knight will not reach d6 in time, this move is now connected woth a queenside plan which will prove illusory, though.} (12... f5 13. g3 Nb6 14. Nf4 Nc8 15. f3 Nd6 16. Bd3 $14 {[%cal Ge1f2,Gh1c1,Gb2b4,Ga2a4]  f2, b4}) ({I have tried making work the break ...c6-c5 by transferring the knight to e6, but this does not seem to be entirely satisfactory either:} 12... Bb4+ 13. Kd1 O-O-O 14. Ng3 Nf8 15. Ngf5 Ne6 16. Bd3 Ba5 17. Ke2 (17. Kc2 c5 {[%cal Gg6c2]}) 17... Rhe8 18. g3 Bb6 19. Rad1 Kb8 {[%cal Ge6d4]} (19... Bh5+ 20. f3 Nxd4+ 21. Nxd4 Bxd4 22. Bf5+ $1 $18) 20. Kf1 (20. b4 Bh5+ 21. f3 Nxd4+) 20... c5 21. dxc5 Nxc5 (21... Bxc5 22. Kg2 d4 23. e4 $14) 22. Kg2 (22. Bc2 Ne6 23. Kg2 d4 24. e4 $6 Nc5 $36) 22... Nxd3 23. Rxd3 Re5 24. g4 (24. Nxg6 hxg6 25. Nd4 Re4) 24... h5 25. h3 $14) 13. Ng3 $14 Bb4+ (13... Nc8 14. f4 $16 h6 15. f5 {leaves the light-squared bishop out of play for the rest of the game.}) 14. Kd1 ({RR} 14. Ke2 Nc4 15. f4 Kd7 16. b3 Na3 17. f5 Bd6 18. Kf2 Rae8 19. Bd3 Bxg3+ 20. hxg3 Bh5 21. Nf3 Bg4 22. Rh6 Ke7 23. Nh2 Rhg8 24. Rxh7 Rg5 25. Nf3 Bxf3 26. gxf3 a6 27. Re1 Nb5 28. e4 Nxd4 {Nesterov,A (2598)-Nazaretyan,T (2246) Odintsovo RUS 2026 1-0 (44)}) 14... Na4 15. Ngf5 $1 {During the game I was not sure about the meaning of this regrouping. At first sight, the knights are clumsily placed, being neutralised by one bishop. Everything became clear a few moves later.} Kd7 $146 (15... Nxb2+ 16. Kc2 Nc4 17. Bxc4 dxc4 18. Rhb1 $16) ({RR} 15... b5 16. Rb1 a5 17. Bd3 Kd7 18. Ke2 Rhe8 19. g4 Nb6 20. Ng2 Nc4 21. Nf4 Kc7 22. Nh5 Bxh5 23. gxh5 Bf8 24. h6 Nd6 25. Ng7 Bxg7 26. hxg7 f5 27. Rhg1 Rg8 28. Rg5 h6 29. Rh5 Rxg7 30. Rxh6 {Koustav,C (2508)-Mitrabha,G (2487) New Delhi IND 2022 ½-½ (59)}) ({RR} 15... Nxb2+ 16. Kc2 Nc4 17. Bxc4 dxc4 18. Rhb1 Ba3 19. Rxb7 O-O 20. Rab1 a5 21. Rc7 Rfc8 22. Rxc8+ Rxc8 23. Rb7 Bf8 24. Kc3 a4 25. Kxc4 a3 26. g4 Ra8 27. f3 Ra4+ 28. Kb3 Ra8 29. e4 Rc8 30. Kc3 {Mendonca,L (2446)-Jinan,J (1848) Sharjah 2019 1-0 (38)}) 16. Rb1 Ke6 $6 {As it turns out in the game, the king is exposed on e6.} (16... Rhc8 $5 17. Bd3 Bf8 (17... Bd6 18. Ke2 a6 19. g4 c5 20. Nxd6 Kxd6 21. Nf5+ $16) 18. Ke2 a6 19. g4 c5 20. Ng2 Bd6 21. h4 (21. Nxd6 Kxd6 22. Nh4 {would practically lose a tempo over the previous line.} cxd4 23. exd4 Rc6) 21... h5 22. f3 Rc6 23. gxh5 Bxh5 24. Nxd6 Kxd6 25. Nf4 Rh8 26. Bc2 Nb6 27. dxc5+ Rxc5 28. Bb3 $14) 17. Bd3 Rhc8 18. Ke2 Bf8 19. g4 c5 $6 {This only creates new weaknesses and no counterplay at all.} (19... Kd7 $5) 20. Ng2 $3 $16 {[%cal Gh2h4,Gg2f4] The core of Carlsen's whole opening plan. Suddenly Black loses stability in several sectors of the board.} cxd4 21. exd4 Bd6 {[%csl Gf4]} 22. h4 h5 $2 {This loses a pawn leading to a hopeless position.} ({But it is virtually impossible to decide upon a passive move like} 22... Rh8 $8 {[%csl Gh7] defending the h7-pawn.} 23. h5 Bxf5 24. Bxf5+ Ke7 25. Ne3 Nb6 26. Kf3 h6 27. Rhe1 Kd8 28. Rbc1 $16 {Black's position looks awful, but White still needs to prove he has a winning plan.}) 23. Ng7+ Ke7 24. gxh5 Bxd3+ 25. Kxd3 $18 {The control over the f5-square and the threatening h-pawns make Black's position hopeless.} Kd7 26. Ne3 Nb6 27. Ng4 $5 {Even though one of the knights belongs to f5, Carlsen's "rodeos" are impressive at least optically.} Rh8 28. Rhe1 {Playing cat and mouse a bit.} ({There was nothing wrong with} 28. Nxf6+ Ke7 29. Ng4) 28... Be7 29. Nf5 Bd8 30. h6 Rc8 31. b3 {[%csl Gb6]} Rc6 32. Nge3 Bc7 33. Rbc1 Rxc1 34. Rxc1 Bf4 35. Rc5 Ke6 36. Ng7+ Kd6 37. Ng4 Nd7 38. Rc2 f5 {A desperate move, which loses a pawn for nothing.} (38... a6 39. Re2 {[%cal Ge2e8]}) (38... Ke7 39. Re2+ Kd8 40. Re8+ $5 (40. Nf5 $18) 40... Rxe8 41. Nxe8 Bxh6 42. Nexf6 Nxf6 43. Nxf6 $18 {[%csl Gd5]}) 39. Nxf5+ Ke6 40. Ng7+ {[%csl Gf5,Gf6] As we see, 38...f5 did not clear space for the black king at all.} Kd6 41. Re2 Kc6 42. Re8 Rxe8 (42... Rh7 43. Nf5 {[%csl Gh7]}) 43. Nxe8 Nf8 44. Ne5+ Bxe5 45. dxe5 Kd7 46. Nf6+ Ke6 47. h5 Kxe5 48. Nd7+ Nxd7 49. h7 Nc5+ 50. Ke2 {A fantastic game by Carlsen and the ugliest defeat of Kramnik I can remember.} 1-0

[Event "87th Tata Steel Masters 2025"]
[Site "Wijk aan Zee"]
[Date "2025.01.26"]
[Round "8.6"]
[White "Keymer, Vincent"]
[Black "Caruana, Fabiano"]
[Result "0-1"]
[WhiteElo "2733"]
[BlackElo "2803"]
[Annotator "Chessbase - Stockfish 17"]
[PlyCount "120"]
[EventDate "2025.??.??"]
[EventCountry "NED"]

{[%evp 19,120,18,8,11,12,10,22,0,22,18,21,25,22,22,17,13,9,13,30,19,35,10,29,45,33,-18,-17,-22,-8,-17,-21,-23,-32,-28,-4,-166,-2,-12,19,-22,-24,-25,-32,-29,-20,-41,-58,-28,-20,-71,-60,-45,-9,-137,-122,-200,-200,-195,-195,-261,-276,-258,-167,-184,-180,-201,-196,-199,-174,-221,-218,-263,-175,-190,-180,-192,-192,-244,-250,-231,-245,-264,-264,-307,-292,-303,-288,-626,-626,-626,-626,-626,-626,-29973,-29975,-29974,-4598,-29976,-29977,-29976,-29974,-29974,-29975]} 1. d4 d5 2. c4 e6 3. Nc3 Nf6 4. cxd5 exd5 5. Bg5 Be7 (5... c6 6. Qc2 Be7 7. e3 Nbd7 8. Bd3 Nf8 {½-½ (10) Aleksandrov,A (2569)-Ehlvest,J (2565) Jurmala 2014}) ({RR} 5... c6 6. Qc2 Be7 7. e3 Nbd7 8. Bd3 Nf8 {½-½ (10) Aleksandrov,A (2569)-Ehlvest,J (2565) Jurmala 2014}) 6. e3 c6 7. Bd3 Nbd7 {[%cal Yb8d7,Yd7f8,Yf8e6][%mdl 32]} 8. Nge2 Nf8 9. Qc2 Ne6 10. Bh4 g6 11. Rd1 {D36: Queen's Gambit Declined: Exchange Variation: Main line (5 Bg5 c6 6 Qc2).} (11. Rb1 c5 12. dxc5 Nxc5 13. Bb5+ Kf8 14. Bxf6 Bxf6 15. Rd1 Bf5 16. Qd2 a6 17. Ba4 Nxa4 18. Nxa4 Kg7 19. O-O Rc8 20. Rc1 Qd6 21. Nd4 Bd7 22. Nc3 b5 23. a3 Be6 24. Nce2 h5 25. Rfd1 h4 {Yushko,O (2088)-Hrabinska,M (2177) Lviv UKR 2024 0-1 (54)}) ({RR} 11. a4 Ng7 12. f3 Bf5 13. e4 dxe4 14. fxe4 Be6 15. O-O O-O 16. Rad1 Ng4 17. Bxe7 Qxe7 18. Qc1 f5 19. e5 g5 20. h3 Nh6 21. h4 Nf7 22. hxg5 Nxg5 23. Nf4 Rad8 24. Qe3 Qb4 25. Bb1 Qxb2 {Harsha,B (2539)-Ivanov,A (2378) chess.com INT 2026 1-0 (32)}) 11... O-O 12. O-O a5 $146 {[%mdl 4] An interesting side line.} (12... Re8 13. f3 Ng7 14. e4 dxe4 15. fxe4 Ng4 16. Bxe7 Qxe7 17. Qd2 Be6 18. h3 Nf6 19. e5 Nd5 20. Ne4 Nf5 21. Nf4 Nde3 22. Nf6+ Kh8 23. Bxf5 Nxf1 24. Rxf1 Bxf5 25. N4d5 Qf8 26. Nc7 Rec8 27. Nxa8 {Karner,C (2381)-Dietmayer Kraeutler,M (2222) Austria 2012 ½-½ (52)}) ({RR} 12... Re8 13. f3 Ng7 14. e4 dxe4 15. fxe4 Ng4 16. Bxe7 Qxe7 17. Qd2 Be6 18. h3 Nf6 19. e5 Nd5 20. Ne4 Nf5 21. Nf4 Nde3 22. Nf6+ Kh8 23. Bxf5 Nxf1 24. Rxf1 Bxf5 25. N4d5 Qf8 26. Nc7 Rec8 27. Nxa8 {Karner,C (2381)-Dietmayer Kraeutler,M (2222) Austria 2012 ½-½ (52)}) 13. Nc1 $146 {The position is equal.} (13. f3 b5 14. Kh1 Bb7 15. Bf2 Rc8 16. e4 b4 17. Na4 c5 18. dxc5 dxe4 19. Bxe4 Bxe4 20. fxe4 {1-0 Grishchenko,S (2445)-Subelj,J (2070) Palic Karadzic Memorial op 2017 (1)}) 13... Ng7 14. f3 Be6 15. N1e2 Rc8 16. Kh1 Nd7 17. Bf2 b5 18. Nf4 Nb6 19. e4 Bg5 20. Be3 dxe4 21. fxe4 {[%cal Yd4d5]} Bg4 22. Nce2 (22. Rde1 $14) 22... f5 23. exf5 Nxf5 24. Qb3+ {[#]} Nc4 $1 25. Bxc4+ bxc4 26. Qxc4+ Rf7 27. Bc1 $4 {Blunder. Ne6 was best.} (27. Ne6 Nxe3 28. Nxd8 Nxc4 29. Nxf7 Bxe2 30. Nxg5 Nxb2 31. Rb1 Bxf1 32. Rxf1 Nd3) 27... Qe7 $2 {Mistake. Nd6 was best.} (27... Nd6 28. Qb3 Bxf4 29. Bxf4 a4 (29... Bxe2 30. Bxd6 Bxf1 31. Rxf1 $15) 30. Qd3 Qf8 31. Rg1 Rxf4 32. Nxf4 Bxd1 33. Nxg6) 28. Rde1 $1 Bh4 {[#]} 29. Ng3 $1 Qb4 30. Qxb4 axb4 31. Nxf5 Bxf5 32. g3 Bf6 $36 {[%mdl 2048] Black has some pressure.} 33. d5 Bd7 {This pair of bishops is nice.} 34. Nd3 (34. Rd1) 34... cxd5 35. Nxb4 {[%cal Yh1g2]} Bb5 (35... Bh3 $5 36. Rf3 Bf5 37. Rxf5 (37. Nxd5 $2 Rxc1 38. Nxf6+ Rxf6 $19) 37... gxf5 38. Nxd5 Bg7 $17) 36. Rf4 $4 {Blunder. Rf2 was best. Black continues to play with concentration.} (36. Rf2 Re7 37. Rd1 Re6 38. Bf4 Rc4 39. Nxd5 Bc6 40. Rfd2 g5 41. Bb8 Rb4) 36... Re7 $1 $17 37. Bd2 $2 {Mistake. Rd1 was best. White is weak on the light squares} (37. Rd1 Re6 (37... Be2 38. Nxd5 Bxd1 39. Nxf6+ Kg7 40. Bd2 Rf7 41. Be3 Rxf6 42. Bd4 Rcc6) 38. Kg1 (38. Nxd5 $2 Bc6 $19)) 37... Rxe1+ $19 38. Bxe1 {[#]} Be5 (38... Bxb2 39. a4 (39. Nxd5 $2 Bc6 $19) 39... Bc4 (39... Bxa4 40. Nd3 $17) 40. a5 $17) 39. Bc3 (39. Bd2) 39... Bxf4 40. gxf4 {[%mdl 4096] Endgame KRB-KBN} Kf7 41. Nc2 Bc4 42. a3 {[#]} Re8 $1 43. Nd4 Re4 44. f5 (44. Kg2 {was necessary.}) 44... gxf5 45. Kg2 Rf4 46. a4 Ke8 47. a5 Kd7 48. h3 (48. Nf3) 48... Rf1 49. Nf3 {And now Ne5+ would win.} Ba6 50. h4 h5 51. b4 f4 52. Nd4 Bc4 {aiming for ...Rd1.} 53. Bb2 $2 (53. b5) 53... Rb1 54. Bc3 Rd1 55. Nf3 {[#]} d4 $1 56. Bb2 $6 {Inaccuracy. Nxd4 was best.} (56. Bxd4 Bd5) (56. Nxd4 Rd3 57. Bb2 Rd2+ 58. Kf3 Rxb2 59. b5 Rd2 60. Ke4 Bf1 61. b6 Bg2+) 56... Bd5 57. Kf2 d3 (57... Bxf3 58. Kxf3 d3 59. Bc3 d2 60. Ke2 f3+ 61. Kxd1 f2 62. Kxd2 f1=Q (62... f1=R 63. a6) 63. Bd4 Qf4+ 64. Kd3 Qxh4 65. a6 Qg3+ 66. Be3 Qg6+ 67. Kd4 Qxa6 68. Bf4 Qf6+ 69. Ke3 Qc3+ 70. Kf2 Qd4+ (70... Qxb4 $2 71. Ke3 $19) 71. Be3 Qg4 (71... Qxb4 72. Kg3 $19) 72. Ba7 h4 (72... Qxb4 73. Kg3 Qa3+ 74. Kg2 Qxa7 75. Kf3 Qa3+ 76. Kf2 h4 77. Kg2 h3+ 78. Kf2 Qc3 79. Ke2 h2 80. Kf2 h1=Q 81. Ke2 Qhf3#) 73. Kf1 h3 (73... Qxb4 {is a self mate.} 74. Bg1 h3 75. Ke2 Qg4+ 76. Kf2 Qg2+ 77. Ke3 Qxg1+ 78. Ke4 h2 79. Kd5 h1=Q+ 80. Kc4 Qe4+ 81. Kc3 Qc1+ 82. Kb3 Qec4#) 74. Bb8 Qg2+ (74... Qxb4 75. Bg3 Qd2 76. Be5 h2 77. Bxh2 Qxh2 78. Ke1 Ke6 79. Kd1 Kd5 80. Ke1 Kc4 81. Kd1 Kd3 82. Ke1 Qg1#) 75. Ke1 Qc2 76. Bf4 Kc6 (76... Qe4+ 77. Kd2 Qxf4+ 78. Kc3 h2 79. Kb3 h1=Q 80. Ka4 Qc6+ 81. Ka3 Qfc1+ 82. Kb3 Q6c2#) 77. Bb8 Kd5 78. Kf1 Ke4 79. Bd6 Kf3 80. Bg3 Qg2+ 81. Ke1 Qe2#) 58. Bc3 Bxf3 {Black mates.} 59. Kxf3 d2 60. Ke2 {[#]} f3+ $1 {Weighted Error Value: White=0.57/Black=0.24 (precise) Loses game: 	White=1 	--- Missed win: 	--- 	Black=1 Mistake: 	White=8 	--- Inaccurate: 	White=1 	Black=4 OK: 	White=15 	Black=15 Best: 	--- 	Black=4 Strong: 	White=1 	Black=2 Precisão Stockfish 17: Brancas 91% Pretas 95% Precisão Chess.com: Brancas 89.3% Pretas 94.9%} 0-1